<The> Causes and consequences of steel subsidization in Germany

Gespeichert in:
Bibliographische Detailangaben
1. Verfasser: Gerken, Egbert
Weitere Verfasser: Gross, Martin, Lächler, Ulrich
Format: Buch
Sprache:Englisch
Veröffentlicht: Kiel Institut für Weltwirtschaft 1984
Schriftenreihe:Working paper no. 214
Tags: Tag hinzufügen
Keine Tags, Fügen Sie das erste Tag hinzu!

MARC

LEADER 00000nam a2200000 4500
001 c114329
005 20181203150326.2
041 0 |a eng 
044 |a DE 
245 1 0 |a <The> Causes and consequences of steel subsidization in Germany  |c Egbert Gerken, Martin Gross, Ulrich Lächler 
264 1 |a Kiel  |b Institut für Weltwirtschaft  |c 1984 
300 |a 36 s. 
490 1 |a Working paper  |v no. 214 
830 0 |a Working paper  |v no. 214 
100 1 |a Gerken, Egbert 
700 1 |a Gross, Martin 
700 1 |a Lächler, Ulrich